The Political spectrum / (Record no. 131501)
[ view plain ]
| 000 -LEADER | |
|---|---|
| fixed length control field | 01149cam a22003491a 4500 |
| 001 - CONTROL NUMBER | |
| control field | 2859208 |
| 003 - CONTROL NUMBER IDENTIFIER | |
| control field | ARRUPE |
| 005 - DATE AND TIME OF LATEST TRANSACTION | |
| control field | 20220524081223.0 |
| 008 - FIXED-LENGTH DATA ELEMENTS--GENERAL INFORMATION | |
| fixed length control field | 850402t19851981mnu b 001 0 eng |
| 010 ## - LIBRARY OF CONGRESS CONTROL NUMBER | |
| LC control number | 85008007 |
| 020 ## - INTERNATIONAL STANDARD BOOK NUMBER | |
| International Standard Book Number | 0899083005 (pbk.) : |
| Terms of availability | $5.95 |
| 020 ## - INTERNATIONAL STANDARD BOOK NUMBER | |
| International Standard Book Number | 0899083250 (lib. bdg.) : |
| Terms of availability | $11.95 |
| 040 ## - CATALOGING SOURCE | |
| Original cataloging agency | DLC |
| Transcribing agency | DLC |
| Modifying agency | DLC |
| 043 ## - GEOGRAPHIC AREA CODE | |
| Geographic area code | n-us--- |
| 050 10 - LIBRARY OF CONGRESS CALL NUMBER | |
| Classification number | JA84.U5 |
| Item number | P612 1985 |
| 082 00 - DEWEY DECIMAL CLASSIFICATION NUMBER | |
| Classification number | 320.5/0973 |
| Edition number | 19 |
| 300 ## - PHYSICAL DESCRIPTION | |
| Dimensions | 23cm. |
| 100 ## - MAIN ENTRY--PERSONAL NAME | |
| Personal name | Bender, David L. |
| 9 (RLIN) | 51787 |
| 245 04 - TITLE STATEMENT | |
| Title | The Political spectrum / |
| Statement of responsibility, etc | David L. Bender, Bruno Leone. |
| 260 ## - PUBLICATION, DISTRIBUTION, ETC. (IMPRINT) | |
| Place of publication, distribution, etc | St. Paul, Minn. : |
| Name of publisher, distributor, etc | Greenhaven Press, |
| Date of publication, distribution, etc | [1985] c1981. |
| 300 ## - PHYSICAL DESCRIPTION | |
| Extent | 144p. ; |
| 490 1# - SERIES STATEMENT | |
| Series statement | Opposing viewpoints series |
| 500 ## - GENERAL NOTE | |
| General note | Cataloging based on CIP information. |
| 500 ## - GENERAL NOTE | |
| General note | Includes index. |
| 504 ## - BIBLIOGRAPHY, ETC. NOTE | |
| Bibliography, etc | Bibliography: p. |
| 650 #0 - SUBJECT ADDED ENTRY--TOPICAL TERM | |
| Topical term or geographic name as entry element | Political science |
| Geographic subdivision | United States. |
| 9 (RLIN) | 51788 |
| 650 #0 - SUBJECT ADDED ENTRY--TOPICAL TERM | |
| Topical term or geographic name as entry element | Right and left (Political science) |
| 9 (RLIN) | 18753 |
| 700 1# - ADDED ENTRY--PERSONAL NAME | |
| Personal name | Bender, David L., |
| Dates associated with a name | 1936- |
| 9 (RLIN) | 51789 |
| 700 1# - ADDED ENTRY--PERSONAL NAME | |
| Personal name | Leone, Bruno, |
| Dates associated with a name | 1939- |
| 9 (RLIN) | 51790 |
| 830 #0 - SERIES ADDED ENTRY--UNIFORM TITLE | |
| Uniform title | Opposing viewpoints series (Unnumbered) |
| 9 (RLIN) | 51791 |
| 906 ## - LOCAL DATA ELEMENT F, LDF (RLIN) | |
| a | 7 |
| b | cbc |
| c | orignew |
| d | 1 |
| e | ocip |
| f | 19 |
| g | y-gencatlg |
| 942 ## - ADDED ENTRY ELEMENTS (KOHA) | |
| Source of classification or shelving scheme | Library of Congress Classification |
| Koha item type | Monograph ( Printed materials) |
| Withdrawn status | Lost status | Source of classification or shelving scheme | Damaged status | Not for loan | Collection code | Home library | Current library | Shelving location | Date acquired | Total Checkouts | Full call number | Barcode | Date last seen | Price effective from | Koha item type |
|---|---|---|---|---|---|---|---|---|---|---|---|---|---|---|---|
| Library of Congress Classification | Main Collection | ARRUPE LIBRARY | ARRUPE LIBRARY | Main Collection | 24/05/2022 | JA84.U5 P612 1985 | 46700000002 | 24/05/2022 | 24/05/2022 | Monograph ( Printed materials) |